K-pop: Girls' Generation Members - Images - Statistics

General Stats
  • This quiz has been taken 15 times
  • The average score is 7 of 9
Answer Stats
Picture Answer % Correct
Tiffany
100%
Yoona
100%
Taeyeon
93%
Sunny
80%
Yuri
80%
Hyoyeon
73%
Seohyun
73%
Jessica
67%
Sooyoung
60%
No matching quizzes found
Score Distribution
Percent of People with Each Score
Percentile by Number Answered
Your Score History
You have not taken this quiz